Premier League Appearances by Nationality: Japan - Statistics

General Stats
  • This quiz has been taken 12 times
  • The average score is 4 of 10
Answer Stats
Appearances Player % Correct
38 Shinji Kagawa
64%
40 Takumi Minamino
64%
56 Wataru Endo
64%
102 Kaoru Mitoma
55%
154 Maya Yoshida
45%
48 Daichi Kamada
36%
30 Yukinari Sugawara
36%
114 Shinji Okazaki
27%
65 Takehiro Tomiyasu
27%
66 Junuchi Inamoto
18%
No matching quizzes found
Score Distribution
Percent of People with Each Score
Percentile by Number Answered
Your Score History
You have not taken this quiz